Quizzes
Events
Quiz Creation
Community
Videos
Private Events
Remove Ads
Sign In
Join for FREE
Feedback
Dark Mode
Quiz Categories
Sports
Geography
Music
Movies
Television
Just For Fun
Miscellaneous
History
Literature
Language
Science
Gaming
Entertainment
Religion
Holiday
For Kids
Quiz Lab
Recent
Popular Today
Quiz Kudos Today
Editor Picks
Curator Picks
Quizzes by...
Day
Popularity
Type
Ratings
Length
Year
Community
Subscriptions
Recent Discussions
Orange Saloon
Badges
Playlists
Quests
Create
Leaderboards
Showdown
Live 5
Trivia Bingo
Activity
Puzzle Library
Sporcle Events
Private Events
Virtual Trivia
Globe League
Become a Host
Pub Owners
SporcleCon
Opinionation
Our Games
Videos
Blog
Mobile Apps
Partnerships
Remove Ads and Go Orange
Feedback
Sports
Athletes
MLB
NBA
NHL
NFL
Soccer
Sports Teams
WWE
NCAA
Football
Premier League
Basketball
Baseball
Hockey
Golf
Tennis
Cricket
Rugby
Auto Racing
Olympics
World Cup
Sports
Athletes
MLB
NBA
NHL
NFL
Soccer
Sports Teams
WWE
NCAA
Football
Premier League
Basketball
Baseball
Hockey
Golf
Tennis
Cricket
Rugby
Auto Racing
Olympics
World Cup
Random Quiz
Search Sporcle
×
Quiz Lab
Quiz Lab
Sports
NFL
Type in answers that appear in a list
Type in answers that appear in a list
Classic
Best Score? Go Orange.
Miami Hurricanes in Pro Bowl since 1959 Stats
Can you name the Miami Hurricanes in Pro Bowl since 1959?
By
MistahSchwartz
7m
186 Questions
952 Plays
952 Plays
952 Plays
Comments
Comments
Give Quiz Kudos
Give Quiz Kudos
-
- Ratings
hide this ad
More Info
Replay
Link that replays current quiz
Next Quiz
Link to next quiz in quiz playlist
You Got
0%
They Got
Avg Score
57%
Avg Friend Score
Upgrade to see
Score Distribution
Jump to the score distribution portion of the page
Score
0/186
Timer
07:00
0
Plays Today
Year
Player
% Correct
2011*
Ray Lewis
97.7%
2010*
Ray Lewis
97.7%
2009*
Ray Lewis
97.7%
2008
Ray Lewis
97.7%
2007
Ray Lewis
97.7%
2005
Ray Lewis
97.7%
2004*
Ray Lewis
97.7%
2002*
Ray Lewis
97.7%
2001*
Ray Lewis
97.7%
2000*
Ray Lewis
97.7%
1999*
Ray Lewis
97.7%
1998*
Ray Lewis
97.7%
2012*
Ray Lewis
96.7%
2012*
Ed Reed
96.7%
2013*
Ed Reed
96.7%
2011*
Andre Johnson
96.5%
2010*
Andre Johnson
96.5%
2009*
Andre Johnson
96.5%
2007*
Andre Johnson
96.5%
2005*
Andre Johnson
96.5%
2013*
Andre Johnson
96.2%
2014
Andre Johnson
96.2%
2012
Frank Gore
95.9%
2013
Frank Gore
95.9%
2014
Frank Gore
95.9%
2011*
Ed Reed
95.9%
2010*
Ed Reed
95.9%
2009*
Ed Reed
95.9%
2008*
Ed Reed
95.9%
2007*
Ed Reed
95.9%
2005*
Ed Reed
95.9%
2004*
Ed Reed
95.9%
2012*
Jimmy Graham
94.1%
2014
Jimmy Graham
94.1%
2015
Jimmy Graham
94.1%
2017
Jimmy Graham
93.9%
2018
Jimmy Graham
93.9%
2011*
Reggie Wayne
93.3%
2010*
Reggie Wayne
93.3%
2009
Reggie Wayne
93.3%
2008*
Reggie Wayne
93.3%
2007
Reggie Wayne
93.3%
2015
Devin Hester
93.1%
2013
Reggie Wayne
92.6%
2015
Greg Olsen
91.1%
2016 (DNP)
Greg Olsen
90.5%
2017*
Greg Olsen
90.5%
2010
Frank Gore
90.3%
2007*
Frank Gore
90.3%
2011
Devin Hester
89%
2008
Devin Hester
89%
2007
Devin Hester
89%
2007
Jeremy Shockey
87.5%
2006
Jeremy Shockey
87.5%
2004
Jeremy Shockey
87.5%
2003*
Jeremy Shockey
87.5%
2012*
Vince Wilfork
87.2%
2013*
Vince Wilfork
87.2%
2006*
Edgerrin James
87%
2005
Edgerrin James
87%
2001*
Edgerrin James
87%
2000*
Edgerrin James
87%
Year
Player
% Correct
1999*
Edgerrin James
87%
2011*
Vince Wilfork
85.6%
2010
Vince Wilfork
85.6%
2008*
Vince Wilfork
85.6%
2009
Clinton Portis
85.1%
2004
Clinton Portis
85.1%
2004
Warren Sapp
84%
2003*
Warren Sapp
84%
2002*
Warren Sapp
84%
2001*
Warren Sapp
84%
2000*
Warren Sapp
84%
1999*
Warren Sapp
84%
1998*
Warren Sapp
84%
1997*
Warren Sapp
84%
2008^
Sean Taylor
83.4%
2007
Sean Taylor
83.4%
2012
Willis McGahee
83.2%
1995*
Michael Irvin
82.5%
1994*
Michael Irvin
82.5%
1993*
Michael Irvin
82.5%
1992*+
Michael Irvin
82.5%
1991*
Michael Irvin
82.5%
2016
Calais Campbell
80.5%
2018
Calais Campbell
80.5%
2011
Jon Vilma
80.4%
2010*
Jon Vilma
80.4%
2006
Jon Vilma
80.4%
2008
Willis McGahee
80.1%
2006*
Santana Moss
77.8%
2015
Calais Campbell
77.3%
1992*
Jim Kelly
75%
1991*+
Jim Kelly
75%
1990*
Jim Kelly
75%
1987*
Jim Kelly
75%
2008
Kellen Winslow II
73.8%
1998
Vinny Testaverde
72.9%
1996
Vinny Testaverde
72.9%
2010
DJ Williams
68.3%
2011
Antrel Rolle
67.9%
2010
Antrel Rolle
67.9%
2011
Jon Beason
66.2%
2009
Jon Beason
66.2%
2010
Jon Beason
66.2%
2014
Antrel Rolle
66.1%
1997
Darryl Williams
65.8%
2004
Bubba Franks
65.4%
2003
Bubba Franks
65.4%
2002*
Bubba Franks
65.4%
1987
Bernie Kosar
62%
2005
Dan Morgan
59.6%
2010*
Bryant McKinnie
59.1%
2000
Cortez Kennedy
59.1%
1999
Cortez Kennedy
59.1%
1996*
Cortez Kennedy
59.1%
1995*
Cortez Kennedy
59.1%
1994*
Cortez Kennedy
59.1%
1993*
Cortez Kennedy
59.1%
1992*
Cortez Kennedy
59.1%
1991*
Cortez Kennedy
59.1%
2011
Brandon Meriweather
58.8%
2010
Brandon Meriweather
58.1%
2015
Sam Shields
53.6%
Year
Player
% Correct
1991*
Jerome Brown
53%
1990*
Jerome Brown
53%
1988*
Eddie Brown
51.5%
1991
Bennie Blades
48.4%
1989*
Brian Blades
47.5%
1983
Ted Hendricks
45.6%
1982
Ted Hendricks
45.6%
1981
Ted Hendricks
45.6%
1980
Ted Hendricks
45.6%
1974
Ted Hendricks
45.6%
1973
Ted Hendricks
45.6%
1972
Ted Hendricks
45.6%
1971
Ted Hendricks
45.6%
1993*
Russell Maryland
44.4%
1980
Ottis Anderson
43.2%
1979
Ottis Anderson
43.2%
2002
Jesse Armstead
40.3%
2001*
Jesse Armstead
40.3%
2000*
Jesse Armstead
40.3%
1999*
Jesse Armstead
40.3%
1998*
Jesse Armstead
40.3%
1997*
Jesse Armstead
40.3%
2009*
Jeff Feagles
39.2%
1995*
Jeff Feagles
39.2%
1972
Jim Otto
31.4%
1971
Jim Otto
31.4%
1970
Jim Otto
31.4%
1969
Jim Otto
31.4%
1968
Jim Otto
31.4%
1967
Jim Otto
31.4%
1966
Jim Otto
31.4%
1965
Jim Otto
31.4%
1964
Jim Otto
31.4%
1963
Jim Otto
31.4%
1962
Jim Otto
31.4%
1961
Jim Otto
31.4%
1960
Jim Otto
31.4%
1977
Chuck Foreman
26.6%
1976
Chuck Foreman
26.6%
1975
Chuck Foreman
26.6%
1974
Chuck Foreman
26.6%
1973
Chuck Foreman
26.6%
2000
Leon Searcy
20.4%
1999
Leon Searcy
20.4%
2000*
Tremain Mack
12.3%
1999*
Tremain Mack
12.3%
1986
Jim Burt
12.3%
2002
Ryan McNeil
10.6%
1987
Dennis Harrah
9.4%
1986
Dennis Harrah
9.4%
1985
Dennis Harrah
9.4%
1980
Dennis Harrah
9.4%
1979
Dennis Harrah
9.4%
1978
Dennis Harrah
9.4%
1985*
Fred Marion
5.5%
1994*
Rick Tuten
5.3%
1959
Don Bosseler
2.7%
1968
Dan Conners
2.2%
1967
Dan Conners
2.2%
1966
Dan Conners
2.2%
1977
Mike Barnes
1.8%
1963
Walt Corey
1.2%
Quiz Playlist
Details
Report
Send in Message
Add To Playlist
More Info:
Name all of the Miami Hurricanes in the NFL Pro Bowl since 1959. * is starter, ^ is posthumous selection and + is Pro Bowl MVP
Classic:
Type in answers that appear in a list
Quiz Source
Last Updated: Feb 6, 2019
Quiz Scoreboard
CHALLENGE
Sign Up to Join the Scoreboard
Show All
Scores
Hide
Comments
May contain spoilers
Recently Published
Decade Duel: World Leaders
by jenniferyan
History
4m
Alphabetical 'K' Countries by Flag Minefield
by ylime102
Geography
3m
Pick 6: Fruits
by JohnFran
Miscellaneous
15s
More to Explore
Quiz From the Vault
Featured Blog Post
15 Basketball Trivia Facts You Can Be March Mad About
hide this ad
You Might Also Like...
Tags
NCAA Quiz
NFL Quiz
Nintendo Quiz
Miami Hurricanes
Pro Bowl
Today's Top Quizzes in Sports
Browse Sports
hide this ad
Today's Top Quizzes in NFL
Browse NFL
Top Contributed Quizzes in Sports
1
Les joueurs à 100 buts en Ligue 1 Uber Eats
2
2022 World Cup Stars
3
Pick 6: NFL Teams
4
MLB 2 truths and a lie: Hall of Fame pitchers
5
Pick 6: Minor League Baseball
6
Millionaire: NBA Finals Edition
7
Pick 6: Olympics
8
Click the 1998 NBA Draft
9
Criteria MLB: Left Handed Sluggers
10
NBA Logic Puzzle 2.0
Explore More
Trending Topics
Harry Potter
NBA
Kpop
Disney
Marvel
Crossword
Anime
Soccer
WWE
Song
Puzzle
The Office
Country
NFL
Pokémon
hide this ad
More By:
MistahSchwartz
Quiz
Plays
Rating
Category
Featured
Created
Miami Hurricanes in Pro Bowl since 1959
952
5.00
Sports
Jan 30, 2011
Timothy Treadwell's Bears
565
Movies
Feb 4, 2011
Miami Hurricanes in NFL (2011 Update)
294
5.00
Sports
Dec 13, 2009
2010 NCAA Starting Quarterbacks
248
4.00
Sports
Oct 30, 2010
Born, or Raised in Oregon
83
Miscellaneous
Aug 12, 2011
Go to Creator's Profile
Score Distribution
Quiz Creator Spotlight
MistahSchwartz
Follow
Send a Message
Quizzes Created
-
Created Quiz Play Count
-
More By This Creator
Popular Quizzes Today
1
Countries of Asia Without Outlines Minefield
2
Find the US States - No Outlines Minefield
3
Pick 6: Fruits
4
The Countries of the World
5
Alphabetical 'K' Countries by Flag Minefield
6
Find the Countries of Europe - No Outlines Minefield
7
US States
8
Find the US States
More Sports Quizzes
NBA All-Defensive Players: 2010s
Quiz Lab
Trending Quizzes
Pick 6: Mountains
Pick 6: Harry Potter
Pick 6: Flags
Pick 6: NFL Teams
Pick 6: Movie Franchises
Recently Updated
Adaptations: Name the Title
pecheneg
NWSL Teams
pecheneg
Women's Final Four Teams by Year
bhenderson79
Presidents Quartet II
eogle
Anything But Clue(do)
eogle
Anything But Oceanian Capitals
eogle
Anything But 7
eogle
Anything But Thing
eogle
Word Ladder: February 29
pecheneg
Song Title Questions
pecheneg
Trending Topics
Harry Potter
Crossword
Kpop
Marvel
Disney
Anime
NBA
NFL
Country
Puzzle
The Office
Pokémon
Soccer
Song
WWE
Your Account Isn't Verified!
In order to create a playlist on Sporcle, you need to verify the email address you used during registration. Go to your
Sporcle Settings
to finish the process.
Report this User
Report this user for behavior that violates our
Community Guidelines
.
Details:
Send Report
Go to the Sporcle.com Mobile Site →
Comments